Psychology, religion and spirituality : concepts and applications (Record no. 55243)
[ view plain ]
| 000 -LEADER | |
|---|---|
| fixed length control field | 00717nam a2200169 a 4500 |
| 008 - FIXED-LENGTH DATA ELEMENTS--GENERAL INFORMATION | |
| fixed length control field | 200723s2017 ||||||||||||||||| || u |
| 020 ## - INTERNATIONAL STANDARD BOOK NUMBER | |
| International Standard Book Number | 9781107630567 |
| 050 ## - LIBRARY OF CONGRESS CALL NUMBER | |
| Classification number | BL 53 Wat |
| 100 ## - MAIN ENTRY--PERSONAL NAME | |
| Personal name | Watts, Fraser |
| 245 10 - TITLE STATEMENT | |
| Title | Psychology, religion and spirituality : concepts and applications |
| Statement of responsibility, etc. | By Fraser Watts |
| 260 ## - PUBLICATION, DISTRIBUTION, ETC. | |
| Place of publication, distribution, etc. | Cambridge |
| Name of publisher, distributor, etc. | Cambridge University Press |
| Date of publication, distribution, etc. | 2017 |
| 300 ## - PHYSICAL DESCRIPTION | |
| Extent | xi, 211 pages : illustrations |
| 490 ## - SERIES STATEMENT | |
| Series statement | Cambridge studies in religion, philosophy, and society |
| 650 ## - SUBJECT ADDED ENTRY--TOPICAL TERM | |
| Topical term or geographic name entry element | PSYCHOLOGY, RELIGIONS |
| 650 ## - SUBJECT ADDED ENTRY--TOPICAL TERM | |
| Topical term or geographic name entry element | PSYCHOLOGY AND RELIGION |
| 995 ## - RECOMMENDATION 995 [LOCAL, UNIMARC FRANCE] | |
| -- | 35.23 |
| -- | CBU-MAIN LIBRARY (Kitwe) |
| -- | 1 |
| -- | AVAILABLE |
| -- | Jul 29, 2020 |
| -- | Main Library Open Access Collection |
| Withdrawn status | Lost status | Source of classification or shelving scheme | Damaged status | Not for loan | Home library | Current library | Shelving location | Date acquired | Total Checkouts | Total Renewals | Full call number | Barcode | Date last seen | Date last checked out | Price effective from | Koha item type |
|---|---|---|---|---|---|---|---|---|---|---|---|---|---|---|---|---|
| CBU-MAIN LIBRARY, KITWE. | CBU-MAIN LIBRARY, KITWE. | 11/30/2022 | 1 | 1 | BL 53 Wat | 750429 | 06/06/2025 | 05/09/2025 | 11/30/2022 | MONOGRAPH |